História de Portugal - Dicionário de Personalidades (Registo nº 789)

Detalhes MARC
000 -Etiqueta do registo
Cabeçalho 00710nam0a22002651 4500
005 - Identificador da versão
Campo de controlo 20240822161842.0
010 ## - Número internacional normalizado dos livros (ISBN)
Número (ISBN) 9895541228
021 ## - Número do Depósito Legal
Código do país PT
Número 210295/04
035 ## - Other System Control Numbers
System Control Number 0000859
System Control Number 0000854
System Control Number 0000847
System Control Number 0000835
100 ## - Dados gerais de processamento
Dados gerais de processamento 20080125d2004 a e0pory5003 ba
101 0# - Língua de publicação
Língua do texto, banda sonora, etc. Português
Língua do documento no original Português
102 ## - Pais de publicação ou produção
País de publicação Portugal
105 ## - Campo de dados codificados: livros
Dados codificados dos livros a z 001yy
106 ## - Campo de dados codificados: material textual
Dados codificados do material textual r
200 1# - Titulo e menção de responsabilidade
Título próprio História de Portugal - Dicionário de Personalidades
Informação de outro título De Machado a Mourão-Ferreira
Primeira menção de responsabilidade José Hermano Saraiva
Outras menções de responsabilidade Redacção QuidNovi
205 ## - Menção da edição
Menção da edição 1ª edição
210 ## - Publicação, Distribuição, etc. 
Lugar da edição, distribuição, etc. Matosinhos
Nome do editor, distribuidor, etc. QuidNovi
Data da publicação, distribuição, etc. 2004
215 ## - Descrição física 
Indicação específica da natureza do documento e extensão da espécie 143p.
Outras indicações físicas ilustrado
Dimensões cm
225 2# - Colecção 
Título próprio da colecção História de Portugal
Indicação de volume XVII
942 ## - Elementos de entrada adicionados (Koha)
Tipo de item no Koha Livro
Exemplares
Situação do levantamento Origin of item (home branch) (coded) Biblioteca de empréstimo Código de barras Cota Circulation type (not for loan) Tipo de documento Nota do exemplar Damaged status
  Biblioteca Escolar Eng. Nuno Mergulhão Biblioteca Escolar Eng. Nuno Mergulhão BENM1299 9PT SAR   Livro Sem mensagem